| 000 | 01162nam a2200289 a 4500 | ||
|---|---|---|---|
| 001 | ebr5004017 | ||
| 003 | CaPaEBR | ||
| 006 | m u | ||
| 007 | cr cn||||||||| | ||
| 008 | 981104s1999 enka s 000 0aeng | ||
| 010 | _z 98042738 | ||
| 020 | _z1853027243 (pbk. : alk. paper) | ||
| 040 |
_aCaPaEBR _cCaPaEBR |
||
| 035 | _a(OCoLC)228040048 | ||
| 050 | 1 | 4 |
_aRC553.A88 _bS36 1999eb |
| 082 | 0 | 4 |
_a616.89/82/0092 _aB _221 |
| 100 | 1 |
_aSchneider, Edgar, _d1932- |
|
| 245 | 1 | 0 |
_aDiscovering my autism _h[electronic resource] : _bapologia pro vita sua (with apologies to Cardinal Newman) / _cEdgar Schneider. |
| 260 |
_aLondon ; _aPhiladelphia : _bJessica Kingsley, _c1999. |
||
| 300 |
_a123 p. : _b1 ill. |
||
| 533 |
_aElectronic reproduction. _bPalo Alto, Calif. : _cebrary, _d2013. _nAvailable via World Wide Web. _nAccess may be limited to ebrary affiliated libraries. |
||
| 600 | 1 | 0 |
_aSchneider, Edgar, _d1932- |
| 650 | 0 |
_aAutistic people _vBiography. |
|
| 655 | 7 |
_aElectronic books. _2local |
|
| 710 | 2 | _aebrary, Inc. | |
| 856 | 4 | 0 |
_uhttp://site.ebrary.com/lib/rucke/Doc?id=5004017 _zAn electronic book accessible through the World Wide Web; click to view |
| 999 |
_c700 _d700 |
||